Yüklüyor......
Mahatma Gandhi
| Yazar: | |
|---|---|
| Diğer Yazarlar: | |
| Materyal Türü: | Printed Book |
| Dil: | English |
| Baskı/Yayın Bilgisi: |
New Delhi
Ministry of Information and Broadcasting
1969
|
| Konular: |
| LEADER | 00650nam a2200253 a 4500 | ||
|---|---|---|---|
| 001 | adlib96000001 | ||
| 003 | ViArRB | ||
| 005 | 20151026131347.0 | ||
| 008 | 960221s1955 dcuabcdjdbkoqu001 0deng d | ||
| 020 | |||
| 022 | |||
| 040 | |a Adlib | ||
| 082 | |a 17 G | ||
| 245 | |a Mahatma Gandhi | ||
| 250 | |||
| 260 | |a New Delhi |b Ministry of Information and Broadcasting |c 1969 | ||
| 300 | |a 130 p. | ||
| 500 | |a | ||
| 100 | |a Rolland, Romain | ||
| 700 | |a Catherine. D. Groth | ||
| 942 | |c BK |6 _ | ||
| 653 | |a Mahatma Gandhi | ||
| 999 | |c 26227 |d 26227 | ||
| 952 | |0 0 |1 0 |4 0 |6 ROL_17G |7 0 |9 37838 |a UL |b UL |d 2010-06-16 |o ROL 17 G |p 00020241 |r 2010-06-16 |w 2010-06-16 |y BK | ||